San Ramón de Penyafort / (Record no. 149867)

MARC details
000 -LEADER
campo de control de longitud fija 00720nam a2200229 i 4500
001 - NÚMERO DE CONTROL
campo de control 149867
003 - IDENTIFICADOR DE NÚMERO DE CONTROL
campo de control ES-MaACL
005 - FECHA Y HORA DE LA ÚLTIMA TRANSACCIÓN
campo de control 20250623202904.0
007 - CAMPO FIJO DE DESCRIPCIÓN FÍSICA--INFORMACIÓN GENERAL
campo de control de longitud fija t|
008 - DATOS DE LONGITUD FIJA--INFORMACIÓN GENERAL
campo de control de longitud fija 071024s1936 sp ||||1| spa d
100 1# - ENTRADA PRINCIPAL--NOMBRE DE PERSONA
Nombre de persona Valls i Taberner, Ferran.
9 (RLIN) 112942
245 10 - MENCIÓN DEL TÍTULO
Título San Ramón de Penyafort /
Mención de responsabilidad, etc. por Fernando Valls Taberner.
260 ## - PUBLICACIÓN, DISTRIBUCIÓN, ETC.
Lugar de publicación, distribución, etc. Barcelona :
Nombre del editor, distribuidor, etc. Labor,
Fecha de publicación, distribución, etc. 1936.
300 ## - DESCRIPCIÓN FÍSICA
Extensión 195 p., 5 h. de lám. ;
Dimensiones 21 cm.
490 1# - MENCIÓN DE SERIE
Mención de serie Pro Ecclesia et Patria ;
Designación de volumen o secuencia 16
504 ## - NOTA DE BIBLIOGRAFÍA, ETC.
Nota de bibliografía, etc. Bibliografía: p. [190]-195.
600 04 - PUNTO DE ACCESO ADICIONAL DE MATERIA--NOMBRE DE PERSONA
Nombre de persona Ramón de Penyafort,
Títulos y otros términos asociados al nombre Santo
9 (RLIN) 95211
830 0# - PUNTO DE ACCESO ADICIONAL DE SERIE-TÍTULO UNIFORME
Título uniforme Pro Ecclesia et Patria ;
Designación de volumen o secuencia 16
9 (RLIN) 192192
852 ## - LOCALIZACIÓN
Ubicación ES-MaACL
Número de control de estantería F-15420
Sublocalización o colección R.19504
852 ## - LOCALIZACIÓN
Ubicación ES-MaACL
Número de control de estantería C-29149
Holdings
Estatus retirado Estado de pérdida Estado de daño No para préstamo Biblioteca de origen Biblioteca actual Ubicación en estantería Fecha de adquisición Fuente de adquisición Total de préstamos Signatura topográfica completa Código de barras Visto por última vez Precio de reemplazo Tipo de ítem Koha
        Biblioteca del Ateneo de Madrid Biblioteca del Ateneo de Madrid Depósito 2 27/10/2015     C-29149 1194377 23/02/2023 23/02/2023 Libro impreso
        Biblioteca del Ateneo de Madrid Biblioteca del Ateneo de Madrid Sala Pecera Planta 2 17/01/2008     F-15420 1156387 23/02/2023 23/02/2023 Libro impreso